[Event "Michigan Action"]
[Site "Warren"]
[Date "2004.12.11"]
[Round "3"]
[White "Dushyanth, Reddivari"]
[Black "Rogers, Bradley K"]
[Result "0-1"]
[WhiteElo "1814"]
[BlackElo "2075"]
[PlyCount "81"]
[EventDate "2004.12.11"]
[EventType "swiss"]
[EventRounds "5"]
[EventCountry "USA"]
[SourceTitle "EXT 2007"]
[Source "ChessBase"]
[SourceDate "2006.11.23"]
[SourceVersion "1"]
[SourceVersionDate "2006.11.23"]
[SourceQuality "1"]

1. Nf3 Nf6 2. c4 g6 3. b3 Bg7 4. Bb2 0-0 5. g3 c6 6. Bg2 d5 7. 0-0 Na6 8. d4 Bf5 9. Nbd2 b5 10. c5 Re8 11. Ne5 Qc8 12. a3 b4 13. a4 Ng4 14. Ndf3 Qe6 15. Nd3 Bxd3 16. Qxd3 Nxc5 17. dxc5 Bxb2 18. Rab1 Bf6 19. Nd4 Bxd4 20. Qxd4 a5 21. Bh3 h5 22. Bxg4 hxg4 23. f3 gxf3 24. Rxf3 Qxe2 25. Rbf1 f5 26. Re3 e5 27. Qxd5+ cxd5 28. Rxe2 Rac8 29. Rc1 Kf7 30. c6 d4 31. Rc5 e4 32. Kf2 Re6 33. c7 d3 34. Re1 Re7 35. Rxa5 Rcxc7 36. Rd5 Rc2+ 37. Ke3 Rxh2 38. Rc1 Rg2 39. Kf4 d2 40. Rc6 e3 41. Rdd6 0-1